000 00454nam a2200133Ia 4500
008 260210s9999 xx 000 0 und d
024 _a15B-051-BS, 15B-003-BS & 15B-058-BS
082 _a004.39072 AHM
100 _aAhmed Abdullah, Muhammad Osama & Syed Ali Hamza
245 0 _aHome Automation with Power Consumption (CODE BOOK)
260 _aKarachi:
_bUITU,
_c2015
600 _aComputer Science
650 _aBachelor of Computer Science (BS)
999 _c32329
_d32329